000
00348 a2200169 4500
001
164472
020
_a
85-262-3291-6
040
_c
Magnum
100
_a
Braz, Julio Emilio
240
1
0
_a
Pretinha, eu?
_l
por
245
1
0
_a
Pretinha, eu?
300
_a
63
362
0
_a
2000
440
1
_a
Scipione
697
_a
LITERATURA JUVENIL
942
_c
BK
999
_c
164472
_d
164472